SC Freiburg Squad 2024-2025 - Statistics

General Stats
  • This quiz has been taken 116 times
    73 since last reset
  • The average score is 22 of 30
Answer Stats
# Position Nation Player % Correct
28 DF Germany Matthias Ginter
96%
32 FW Italy Vincenzo Grifo
94%
30 DF Germany Christian Günter
91%
1 GK Germany Noah Atubolu
91%
21 GK Germany Florian Müller
89%
3 DF Austria Philipp Lienhart
89%
42 FW Japan Ritsu Dōan
89%
9 FW Germany Lucas Höler
87%
8 MF Germany Maximilian Eggestein
83%
38 FW Austria Michael Gregoritsch
83%
18 FW Turkey Eren Dinkçi
81%
- Coach Germany Julian Schuster
81%
20 FW Austria Junior Adamu
81%
17 DF Germany Lukas Kübler
81%
27 MF Germany Nicolas Höfler
81%
6 MF Germany Patrick Osterhage
77%
25 DF France Kiliann Sildillia
74%
33 DF France Jordy Makengo
72%
34 MF Germany Merlin Röhl
70%
11 MF Ghana Daniel-Kofi Kyereh
64%
23 FW Kosovo Florent Muslija
64%
37 DF Germany Max Rosenfelder
64%
19 FW Germany Niklas Beste
62%
26 FW Germany Maximilian Philipp
60%
7 FW Germany Noah Weißhaupt
60%
5 DF Germany Manuel Gulde
57%
44 MF Switzerland Johan Manzambi
55%
43 DF Switzerland Bruno Ogbus
51%
24 GK Germany Jannik Huth
47%
4 DF Germany Kenneth Schmidt
40%
No matching quizzes found
Score Distribution
Percent of People with Each Score
Percentile by Number Answered
Your Score History
You have not taken this quiz since the last reset